000 00214 a2200109 4500
020 _a9780794540937
041 _aeng
100 _aSuzie Harrison
245 _aWhat are Germs
942 _cBK
952 _71
_xInfantil
999 _c25805
_d25805